Evaluación regional de las migraciones internas en Costa Rica y su importancia en la distribución espacial de la población /

Wedi'i Gadw mewn:
Manylion Llyfryddiaeth
Prif Awdur: Morales Alvarez, Miguel
Awduron Eraill: Lavell, Allan
Fformat: Texto
Cyhoeddwyd: s.l :
Tagiau: Ychwanegu Tag
Dim Tagiau, Byddwch y cyntaf i dagio'r cofnod hwn!

MARC

LEADER 00000 a a2200000 04500
001 14964
003
040
090 |a 026000  
100 |a Morales Alvarez, Miguel  
245 |a Evaluación regional de las migraciones internas en Costa Rica y su importancia en la distribución espacial de la población /  |c Miguel Morales Alvarez 
260 |a s.l :  
300 |a 32 p.  
700 |a Lavell, Allan  
999 |c 16889  |d 16889